| 000 | 00934cam a2200241 4500 | ||
|---|---|---|---|
| 001 | J3271 | ||
| 008 | 090401t1970 xxu||||| |||| 00| 0 eng d | ||
| 035 | _a(Sirsi) u54012 | ||
| 041 | _aeng | ||
| 050 | _a690.24 | ||
| 110 |
_aMinistry of Public Building and Works _9592 |
||
| 245 | _aSecond National Building Maintenance Conference: papers ... Sponsored jointly by the Ministry of Publib Building and Works and the journal Building Maintenance ... held at the Royal Lancaster Hotel, London on 25th, 26th and 27th November 1969. | ||
| 260 |
_aLondon _bMinistry of Public Building and Works _c1970 |
||
| 300 | _av,248p. ; 30cm. | ||
| 350 | _a0 | ||
| 490 | _aR & D Paper | ||
| 650 | _aBUILT ENVIRONMENT-BUILDING MAINTENANCE AND REFURBISHMENT | ||
| 650 | _aCONFERENCES | ||
| 650 | _aNATIONAL BUILDING MAINTENANCE CONFERENCE | ||
| 690 | _aBUILDING AND CONSTRUCTION-REPAIRS AND MAINTENANCE | ||
| 942 | _n0 | ||
| 948 | _c04/03/1997 | ||
| 999 |
_c93391 _d93391 |
||